| LEADER 00000nam 2200000uu 4500 |
| 001 13399116450 |
| 003 ULIBM |
| 008 160425s2556||||th 000 0 tha d |
| 020 ^a9786167246581
|
| 082 0 ^a499.28^bว171ภ
|
| 100 0 ^aวรกร นิปกากร.
|
| 245 10 ^aภาษาบาฮาซา เมอลายู = Bahasa Melayu /^cโดย วรกร นิปกากร, มัธธาณะ รอดยิ้ม.
|
| 250 ^aพิมพ์ครั้งที่ 1.
|
| 260 ^aกรุงเทพฯ :^bทฤษฎี,^c2556.
|
| 300 ^a333 หน้า :^bภาพประกอบ ;^c15.5 ซม. +^eซีดี-รอม 1 แผ่น.
|
| 440 0 ^aสนทนาอาเซียนลัดทันใจ.
|
| 650 0 ^aMalay language^xTextbooks for foreign speakers
|
| 650 0 ^aMalay language^xConservation and phrase books
|
| 650 0 ^aภาษาบาฮาซา เมอลายู.
|
| 700 0 ^aมัธธาณะ รอดยิ้ม,^eผู้แต่งร่วม
|
| 999 ^aจริญญา
|
หนังสือดีน่าอ่าน

“ดั่งดวงแก้ว ส่องสว่าง ทางสายงาม”
จัดทำขึ้นเพื่อเฉลิมพระเกียรติ สมเด็จพระเทพรัตนราชสุดา ฯ สยามบรมราชกุมารี
เนื่องในโอกาสมหามงคลเฉลิมพระชนมพรรษา ๕ รอบ ๒ เมษายน ๒๕๕๘
โดยหนังสือเล่มนี้ได้รวบรวม ๖๐ พระอัจฉริยภาพของสมเด็จพระเทพ ฯ
ผู้อ่านจะได้รับแรงบันดาลใจให้พากเพียรเรียนรู้และขยันอดทนทำการงาน
ตามรอยเบื้องพระยุคลบาท เพราะพระองค์ทรงเป็นแบบอย่างอันดีเยี่ยมในทุกด้าน
ทั้งในความใฝ่รู้ใฝ่เรียน คุณธรรมจริยธรรม พระวิริยอุตสาหะในการทรงงาน
และอื่นๆอีกมากมาย ล้วนสามารถสร้างแรงบันดาลใจให้แก่เด็กและเยาวชน
อีกทั้งประชาชนทั่วไป ให้พากเพียรเรียนรู้และขยันอดทนทำการงานตามรอยพระยุคลบาท
เพื่อฝึกฝนตนเองให้เป็นคนดีคนเก่งของครอบครัวและสังคมต่อไป